T.C. İçişleri Bakanlığı, Emniyet Genel Müdürlüğü, Kaçakçılık ve Organize Suçlarla Mücadele Daire Başkanlığı 2002 raporu (Record no. 7139)

MARC details
000 -BAŞLIK
Sabit Uzunlukta Kontrol Alanı 01031na a2200265 4500
001 - KONTROL NUMARASI
Denetim Alanı 19695
003 - KONTROL NUMARASI IDENTIFIER
Denetim Alanı MIRAKIL
005 - SON İŞLEM TARİHİ VE ZAMANI
Denetim Alanı 20181213155129.0
008 - SABİT-BOY VERİ ELEMANLARI - GENEL BİLGİLER
Sabit Uzunlukta Kontrol Alanı 170111b tu 000 0
040 ## - KATALOGLAMA KAYNAK
Orijinal Kataloglama Ajansı Milas
Kataloglama Dili tur
Metne Dönüştürmek Ajansı TR-AnCHP
041 ## - DİL KODU
Metin / Ses Parça Veya Ayrı Başlığın Dil Kodu tur
082 ## - DEWEY ONLU SINIFLANDIRMA NUMARASI
Sınıflandırma Numarası 363.206056 2003
Ürün Numarası E55y 2004
090 ## - SINIFLAMA NUMARASI
Sınıflama Numarası 363.206056 2003 E55y 2004
110 ## - ANA GİRİŞ - KURUMSAL ADI
Giriş Elemanı Olarak Kurumsal Ad Veya Yargı Alanı Adı Emniyet Genel Müdürlüğü
Bir İşin Parçası / Bölümün İsmi Kaçakçılık ve Organize Suçlarla Mücadele Daire Başkanlığı
240 ## - ÜNİFORM BAŞLIK
Üniforma Başlık <a href="Yıllık raporlar">Yıllık raporlar</a>
245 ## - BAŞLIK TABLOSU
Başlık T.C. İçişleri Bakanlığı, Emniyet Genel Müdürlüğü, Kaçakçılık ve Organize Suçlarla Mücadele Daire Başkanlığı 2002 raporu
Sorumluluk Tablosu, Vb T.C. İçişleri Bakanlığı Emniyet Genel Müdürlüğü
246 ## - UNVAN FORM VARYING
Başlık Doğru / Kısa Başlığı 2003 raporu
260 ## - YAYIN, DAĞITIM, VB
Yayın, Dağıtım, Vb Yeri Ankara
Yayıncı, Dağıtıcı, Vs Adı EGM- KOMDB Yayınları
Yayın, Dağıtım, Vb Tarihi 2004
300 ## - FİZİKSEL TANIM
Kapsam 220 s.
Diğer Fiziksel Ayrıntıları tbl. , grf. ; res.
Boyutlar 28 sm.
650 ## - KONU KATMA GİRİŞ - TOPİKAL DÖNEM
Topikal Süreli Veya Coğrafi Ad Giriş Elemanı Uyuşturucu trafiği
Coğrafi Alt Bölümü Türkiye
650 ## - KONU KATMA GİRİŞ - TOPİKAL DÖNEM
Topikal Süreli Veya Coğrafi Ad Giriş Elemanı Uyuşturucu madde kaçakçılığı
Coğrafi Alt Bölümü Türkiye
650 ## - KONU KATMA GİRİŞ - TOPİKAL DÖNEM
Topikal Süreli Veya Coğrafi Ad Giriş Elemanı Organize suçlar
Kronolojik Alt Bölümü Türkiye
650 ## - KONU KATMA GİRİŞ - TOPİKAL DÖNEM
Topikal Süreli Veya Coğrafi Ad Giriş Elemanı Kaçakçılık
Coğrafi Alt Bölümü Türkiye
942 ## - EKLENDİ GİRİŞ ELEMANLARI (KOHA)
Sınıflandırma Veya Raf Düzeni Kaynak Dewey Decimal Classification
Koha Öğesi Türü Books
999 ## - SİSTEM KONTROL NUMARALARI (KOHA)
Koha Biblionumber 7139
Koha Biblioitemnumber 7139
Holdings
Kalıcı Konum Mevcut Konum Edinme Tarihi Edinim Kaynak Toplam Check-Out'Lar Tam Çağrı Numarası Barkod Tarih Son Görülme İtibaren Geçerli Fiyatlar Koha Öğesi Türü
CHP Kütüphanesi CHP Kütüphanesi 12/26/2016 Bağış   363.206056 2003 E55y 2004 010812 12/26/2016 12/26/2016 Books